书目信息 |
| 题名: |
口琴入门基础教程
|
|
| 作者: | 雯雯 编著 | |
| 分册: | ||
| 出版信息: | 北京 蓝天出版社 1999.5 |
|
| 页数: | 154页 | |
| 开本: | 26cm | |
| 丛书名: | 跨世纪乐器入门丛书 | |
| 单 册: | ||
| 中图分类: | J624.4 | |
| 科图分类: | ||
| 主题词: | 器乐--理论 , 器乐--奏法 , 器乐--演奏 | |
| 电子资源: | ||
| ISBN: | 7-80081-897-7 | |
| 000 | 00606nam2 2200241 45 | |
| 001 | 0002211482 | |
| 005 | 20040513164104.5 | |
| 010 | @a7-80081-897-7@dCNY15.00 | |
| 100 | @a20000221d1999 km y0chiy0120 ea | |
| 101 | @achi | |
| 105 | @a z 000yy | |
| 200 | 1 | @a口琴入门基础教程@f雯雯编著 |
| 210 | @a北京@c蓝天出版社@d1999.5 | |
| 215 | @a154页@d26cm | |
| 225 | @a跨世纪乐器入门丛书 | |
| 410 | @12001 @a跨世纪乐器入门丛书 | |
| 606 | 0 | @a器乐@x理论 |
| 606 | 0 | @a器乐@x奏法 |
| 606 | 0 | @a器乐@x演奏 |
| 690 | @aJ624.4@v1 | |
| 701 | @a雯雯@4编著 | |
| 801 | @aCN@bTSTC@c20000221 | |
| 905 | @dJ624.4@e73 | |
| 口琴入门基础教程/雯雯编著.-北京:蓝天出版社,1999.5 |
| 154页;26cm.-(跨世纪乐器入门丛书) |
| ISBN 7-80081-897-7:CNY15.00 |
| ● |
| 相关链接 |
|
|
|
|
正题名:口琴入门基础教程
索取号:J624.4/73
 
预约/预借
| 序号 | 登录号 | 条形码 | 馆藏地/架位号 | 状态 | 备注 |
| 1 | 0284948 | 002849485 | 第一借阅区/ [索取号:J624.4/73] | 在馆 | |
| 2 | 0284949 | 002849494 | 第一借阅区/ [索取号:J624.4/73] | 在馆 | |
| 3 | 0284950 | 002849500 | 第一借阅区/ [索取号:J624.4/73] | 在馆 | |
| 4 | 0284951 | 002849519 | 第一借阅区/ [索取号:J624.4/73] | 在馆 | |
| 5 | 0284952 | 002849528 | 第一样本阅览室/ [索取号:J624.4/73] | 在馆 |